• 首页
  • 本馆介绍
  • 公告通知
  • 最新文献
  • 馆藏检索
  • 电子资源
  • 读者导购
  • 参考咨询
  • 我的图书馆
  • 登录
  • 详细信息显示
  • 放入我的书架
  • 预约/预借图书
  • 作者相关作品
  • 分类相关作品
  • 丛书相关作品
  • 出版社相关作品

书目信息

  • 表格格式
  • 工作单格式
  • 卡片格式
题名:
实战摔法招招绝
    
 
作者: 吴信良 编著
分册:  
出版信息: 北京   北京体育大学出版社  1996
页数: 221页
开本: 19cm
丛书名: 踢打摔拿真功夫丛书
单 册:
中图分类: G852.4
科图分类: 39.982
主题词: 技击(体育)-摔(摔交)--中国 , 摔(摔交)-技击(体育)--中国
电子资源:
ISBN: 7-81051-109-2
000 00735nam2 2200253 45
001 0198048114
005 20070729101910.45
010    @a7-81051-109-2@dCNY10.80
100    @a19980902d1996 em y0chiy0121 ea
101 0  @achi
102    @aCN@b110000
105    @af z 000yy
200 1  @a实战摔法招招绝@Ashi zhan shuai fa zhao zhao jue@f吴信良编著
210    @a北京@c北京体育大学出版社@d1996@h2000
215    @a221页@c图@d19cm
225 2  @a踢打摔拿真功夫丛书
410  0 @12001 @a踢打摔拿真功夫丛书
606    @a技击(体育)-摔(摔交)@y中国
606    @a摔(摔交)-技击(体育)@y中国
690    @aG852.4@v4
692    @a39.982@v2
701  0 @a吴信良@Awu xin liang@4编著
801  0 @aCN@bWHC@c20070729
905    @a10447@dG852.4@e156
    
    实战摔法招招绝/吴信良编著.-北京:北京体育大学出版社,1996(2000)
    221页:图;19cm.-(踢打摔拿真功夫丛书)
    
    
    ISBN 7-81051-109-2:CNY10.80
    
●
相关链接 在E读中查询图书 在五车中查询图书 在当当中查询图书 在豆瓣中查询图书


正题名:实战摔法招招绝     索取号:G852.4/156         预约/预借

序号 登录号 条形码 馆藏地/架位号 状态 备注
1 0784295   207842959   第一样本阅览室/ [索取号:G852.4/156] 在馆    
2 0784821   207848212   第四借阅区/ [索取号:G852.4/156] 在馆    
唐山师范学院图书馆 欢迎您!
大连网信软件有限公司© 版权所有